[Event "Albacete op 15th"]
[Site "Albacete"]
[Date "2007.09.03"]
[Round "2"]
[White "Melchor Munoz, Alejandro"]
[Black "Perez Mitjans, Orelvis"]
[Result "0-1"]
[WhiteElo "2111"]
[BlackElo "2412"]
[PlyCount "32"]
[EventDate "2007.09.02"]
[EventType "swiss"]
[EventRounds "9"]
[EventCountry "ESP"]
[SourceTitle "CBM 120 Extra"]
[Source "ChessBase"]
[SourceDate "2007.11.01"]
[SourceVersion "1"]
[SourceVersionDate "2007.11.01"]
[SourceQuality "1"]

1. e4 d5 2. Nf3 dxe4 3. Ng5 Bf5 4. Nc3 Nf6 5. Bc4 e6 6. f3 Nc6 7. Ncxe4 Bxe4 8. fxe4 Nxe4 9. Nxe4 Qh4+ 10. Nf2 Bc5 11. 0-0 Qxc4 12. d3 Qh4 13. c3 e5 14. Qf3 0-0 15. Be3 Bxe3 16. Qxe3 f5 0-1

[Event "La Pobla de Lillet op 13th"]
[Site "La Pobla de Lillet"]
[Date "2003.??.??"]
[Round "4"]
[White "Melchor Munoz, Alejandro"]
[Black "Ayza Leon, David"]
[Result "0-1"]
[WhiteElo "2134"]
[BlackElo "2030"]
[PlyCount "68"]
[EventDate "2003.08.??"]
[EventType "swiss"]
[EventRounds "9"]
[EventCountry "ESP"]
[SourceTitle "EXT 2005"]
[Source "ChessBase"]
[SourceDate "2004.11.15"]
[SourceVersion "1"]
[SourceVersionDate "2004.11.15"]
[SourceQuality "1"]

1. e4 e5 2. f4 exf4 3. Nf3 g5 4. h4 g4 5. Ne5 h5 6. Bc4 Nh6 7. d4 Qf6 8. 0-0 f3 9. Bg5 Qg7 10. Nc3 f6 11. Nd5 fxg5 12. Nxc7+ Kd8 13. Nxa8 Bd6 14. Qd2 gxh4 15. Qa5+ b6 16. Qxa7 Bxe5 17. Qxb6+ Ke7 18. dxe5 Qxe5 19. Nc7 h3 20. Rf2 Nc6 21. gxf3 g3 22. Nd5+ Ke8 23. Rd2 h2+ 24. Kh1 h4 25. Re1 h3 26. f4 g2+ 27. Kxh2 Ng4+ 28. Kg1 Qh5 29. Nc7+ Ke7 30. Rxd7+ Bxd7 31. Nd5+ Kf8 32. Qc5+ Kg7 33. Qa3 h2+ 34. Kxg2 h1Q+ 0-1